000 00664nam a22002177a 4500
003 UA-OsUOA
001 57803
007 ta
008 20090112b un ||||| |||| 00| 0 ukr d
100 _aКолосінський Є.Ю.
090 _a330
_bК-12
942 _cSA
040 _aUA-OsUOA
_bukr
_cUA-OsUOA
_dUA-OsUOA
245 _aСвітова економіка у контексті глобальних еволюційних процесів
300 _aС.3-6
955 _a0
041 _aukr
080 _a330
773 0 _w57802
_tЕкономіка. Фінанси. Право.
_dК.
_d2008
_g11
650 7 _a330 Економіка взагалі
_2UDC
999 _c343872
_d343872